Science Quiz

Random Science or Animal Quiz
Score 0/15 Timer 05:00
2 Plays Today
% Correct
Tyrannosaurus
98.3%
Veloci
95.1%
Tricer
93.9%
Stego
93.6%
Brach
87.4%
Igua
78.1%
Ankyl
69%
Diplod
62.4%
% Correct
Archae
54.2%
Drac
49.3%
Pachy
49.2%
Vulcan
45.1%
Deino
38.3%
Struthio
37.5%
Diablo
34.5%
Remove Ads.
Support Sporcle.
Get the best of Sporcle when you Go Orange. This ad-free experience offers more features, more stats, and more fun while also helping to support Sporcle. Thank you for becoming a member.

You're not logged in!

Compare scores with friends on all Sporcle quizzes.
OR
Log In

Show Comments

Extras

Top Quizzes Today


Score Distribution

Your Account Isn't Verified!

In order to create a playlist on Sporcle, you need to verify the email address you used during registration. Go to your Sporcle Settings to finish the process.

Report this User

Report this user for behavior that violates our Community Guidelines.

Details: